| 000 | 00551nam a22001931a 4500 | ||
|---|---|---|---|
| 001 | 2266 | ||
| 003 | OSt | ||
| 005 | 20260204211806.0 | ||
| 008 | 040209s2002||||dr ||||||b||||||||||spa|| | ||
| 050 | _aRD 352.0072 A68r | ||
| 082 | _aRD 352.0072 A68r | ||
| 245 | _aAprendiendo de la experiencia de la gestión local / Radamés Báez Martinez | ||
| 264 | _aSanto Domingo : Municipalidad | ||
| 300 | _a242 p. | ||
| 500 | _aIncluye indice. | ||
| 650 | _a1.Municipios - Administracón Pública | ||
| 700 | _aBáez Martínez, RadamésÌ | ||
| 942 |
_2ddc _cBK |
||
| 999 |
_c2266 _d2266 |
||